00690nam a22001817a 4500999001700000008004100017020001600058020001800074050002200092100002100114245010400135250001300239260003000252300003200282650003600314942003400350952012400384 c16395d16395161110b xxu||||| |||| 00| 0 eng d a0314288341  a9780314288349 aKF 1414 .M65 1985 aMoll, Douglas K. aCorporations and other business associations : bstatutes, rules, and forms, 2013/cDouglas K. Moll a2013 ed. bWest Group (Law), c2013. avi, 2099p. :bill. ;c25cm. aCorporation lawxUnited States. 2lcccBOOKShKF 1414 .M65 1985 00102lcc4070aMUCbMUCcTECHd2016-11-10eDonation (BFA)l0oKF 1414 .M65 1985p27273r2019-10-23w2016-11-10yBOOKS